000
00196nam a22000977a 4500
999
_c
533548
_d
533548
040
_c
dlc
082
_a
813.54
100
_a
David Baldacci
_9
27490
245
_a
The Collectors
942
_2
ddc
_c
BK